Влияние термической обработки на механические свойства стали 19ХГНМА; Современные техника и технологии; Т. 2

Bibliografske podrobnosti
Parent link:Современные техника и технологии: сборник трудов XVI Международной научно-практической конференции студентов, аспирантов и молодых ученых, Томск, 12-16 апреля 2010 г/ Национальный исследовательский Томский политехнический университет (ТПУ).— , 2010
Т. 2.— 2010.— [С. 242-244]
Glavni avtor: Соловьева Ю. Б.
Drugi avtorji: Клименко А. В. (научный руководитель), Пугачева Т. М.
Izvleček:Заглавие с титульного листа
Электронная версия печатной публикации
Jezik:ruščina
Izdano: 2010
Teme:
Online dostop:http://www.lib.tpu.ru/fulltext/c/2010/C01/V2/103.pdf
Format: Elektronski Book Chapter
KOHA link:https://koha.lib.tpu.ru/cgi-bin/koha/opac-detail.pl?biblionumber=233067

MARC

LEADER 00000naa2a2200000 4500
001 233067
005 20251204140316.0
035 |a (RuTPU)RU\TPU\book\254133 
035 |a RU\TPU\book\254131 
090 |a 233067 
100 |a 20130226d2010 k y0rusy50 ca 
101 0 |a rus 
102 |a RU 
135 |a drnn ---uucaa 
181 0 |a i  
182 0 |a b 
200 1 |a Влияние термической обработки на механические свойства стали 19ХГНМА  |f Ю. Б. Соловьева, А. В. Клименко  |g науч. рук. Т. М. Пугачева 
203 |a Текст  |c электронный 
215 |a 1 файл (284 Кб) 
300 |a Заглавие с титульного листа 
300 |a Электронная версия печатной публикации 
337 |a Adobe Reader 
461 0 |0 (RuTPU)RU\TPU\book\245271  |t Современные техника и технологии  |o сборник трудов XVI Международной научно-практической конференции студентов, аспирантов и молодых ученых, Томск, 12-16 апреля 2010 г  |o в 3 т.  |f Национальный исследовательский Томский политехнический университет (ТПУ)  |d 2010 
463 0 |0 (RuTPU)RU\TPU\book\250479  |t Т. 2  |v [С. 242-244]  |d 2010 
610 1 |a электронный ресурс 
610 1 |a сталь 
610 1 |a термическая обработка 
610 1 |a механические свойства 
610 1 |a низкоуглеродистые стали 
610 1 |a легированные стали 
610 1 |a прочность 
610 1 |a режимы обработки 
610 1 |a пластичность 
700 1 |a Соловьева  |b Ю. Б. 
701 1 |a Клименко  |b А. В. 
702 1 |a Пугачева  |b Т. М.  |4 727 
801 1 |a RU  |b 63413507  |c 20130213 
801 2 |a RU  |b 63413507  |c 20130513  |g RCR 
856 4 |u http://www.lib.tpu.ru/fulltext/c/2010/C01/V2/103.pdf 
942 |c CF